000 00693cam a2200217 a 4500
001 000018230
005 20200929165418.0
008 780615s1970 xxc 000 0 fre d
040 _aDO-SdBNP
_bfre
_cLC
_dBNPHU
043 _an-cn-qu
082 _a840.09
_bB895h
100 1 _aBrunet, Berthelot,
_d1901-1948.
_939475
245 1 0 _aHistoire de la littérature canadienne-française; :
_bsuivie de portraits d'écrivains.
260 _a[Montréal] :
_bHMH,
_c[1970].
300 _a139 p. ;
_c19 cm.
490 1 _aReconnaissances
650 4 _aLiteratura canadiense
_xHistoria y crítica
_938054
830 0 _aReconnaissances
_939476
910 _aCatalogación por copia / LC
049 _aBNGR
999 _c17751
_d17751